| 000 | 00883nab a2200265 u 4500 | ||
|---|---|---|---|
| 001 | 10846 | ||
| 003 | HDC | ||
| 007 | cr bn ---aaaaa | ||
| 008 | 210201b20121024my ||||| |||| 00| 0 may d | ||
| 040 | _aHDC | ||
| 245 | 0 | _aEksport negara catat pertumbuhan | |
| 260 |
_aKuala Lumpur : _bUtusan Melayu (M) Bhd., _c2012 |
||
| 300 | _a1 online resource | ||
| 336 |
_atext _2rdacontent |
||
| 337 |
_acomputer _2rdamedia |
||
| 338 |
_aonline resource _2rdacarrier |
||
| 650 |
_aEksport _911108 |
||
| 650 |
_aFood industry and trade. _9140 |
||
| 650 |
_aNational characteristics _xPolitical aspects. _911109 |
||
| 710 |
_aUtusan Malaysia _eissung body |
||
| 856 | _zRequest full-text at [email protected] | ||
| 942 | _2lcc | ||
| 942 | _cNEWS | ||
| 942 | _kNWSC 003107 | ||
| 999 |
_c8169 _d8169 |
||